00399nam a2200157Ia 45000010006000000050017000060080041000230410008000640820017000721000028000892450067001172600009001843000034001936500006002276540008002332293320260414150903.0260414t2014||||xx |||||||||||||| ||spa|| aESP a624.17bZ943 aZienkiewicz, O. C.eAUT 4aThe finite element method for solid and structural mechanicsb c2014 axxxi, 624 páginas :c24 cm. a0 aCIC